00231nam a22001097a 4500003000400000020002200004082001700026100002700043245003400070260000900104300000800113SGT a978-981-09-3359-3 a746.92bN15I aIRCLAND, PATRICK JOHN  aNEW FASHION FIGURE TEMPLATES  c2015 a190